000 01243cam a22003254a 4500
001 15987576
003 OSt
005 20230606112745.0
008 091117s2007 io f000 0 eng
010 _a 2009329892
040 _aDLC
_cDLC
_dDLC
041 0 _aeng
_aind
042 _alcode
043 _aa-io---
050 0 0 _aKNW4224.A312007
_bA4 2007
082 _222,2007
_a342.598
_bKOM
110 1 _aIndonesia.
240 1 0 _aUndang-Undang Tentang Pemberantasan Tindak Pidana Perdagangan Orang.
_lEnglish & Indonesian.
245 1 0 _aLaw of the Republic of Indonesia number 21 year 2007 on the Organizing Body Of General Elections
260 _a[Jakarta] :
_bMinistry of Law and Human Rights Republic of Indonesia
_c2007.
300 _a114 p. ;
_c21 cm.
500 _aEnglish and Indonesian versions bound together back-to-back and inverted.
546 _aEnglish and Indonesian.
650 0 _aHuman trafficking
_zIndonesia.
710 1 _aIndonesia.
_bKantor Menteri Negara Pemberdayaan Perempuan.
710 1 _aIndonesia.
_bDepartemen Hukum dan Hak Asasi Manusia.
906 _a7
_bcbc
_corigode
_d2
_encip
_f20
_gy-gencatlg
942 _2ddc
_cBK
999 _c608
_d608